| 000 -LEADER |
| fixed length control field |
00591nam a22001577a 4500 |
| 005 - DATE AND TIME OF LATEST TRANSACTION |
| control field |
20231129121125.0 |
| 008 - FIXED-LENGTH DATA ELEMENTS--GENERAL INFORMATION |
| fixed length control field |
231129s1970 ru ||||| |||| 00| 0 rus d |
| 041 ## - LANGUAGE CODE |
| Language code of text/sound track or separate title |
rus |
| 080 ## - UNIVERSAL DECIMAL CLASSIFICATION NUMBER |
| Universal Decimal Classification number |
902/904 П-32 |
| 245 ## - TITLE STATEMENT |
| Title |
Кармир Блур Альбом / |
| Statement of responsibility, etc. |
Составитель Пиотровский Б. Б. |
| 264 ## - PRODUCTION, PUBLICATION, DISTRIBUTION, MANUFACTURE, AND COPYRIGHT NOTICE |
| Place of production, publication, distribution, manufacture |
Ленинград: |
| Name of producer, publisher, distributor, manufacturer |
Аврора, |
| Date of production, publication, distribution, manufacture, or copyright notice |
1970. |
| 300 ## - PHYSICAL DESCRIPTION |
| Extent |
125 с.: |
| Other physical details |
ил. ; |
| Dimensions |
23 см. |
| 653 ## - INDEX TERM--UNCONTROLLED |
| keyword |
კალმირ ბლური ალბომი |
| 700 ## - ADDED ENTRY--PERSONAL NAME |
| Personal name |
Пиотровский, Б.Б. |
| Relator term |
შემდგენელი |
| 9 (RLIN) |
20504 |
| 942 ## - ADDED ENTRY ELEMENTS (KOHA) |
| Source of classification or shelving scheme |
|
| Koha item type |
წიგნი |